|
|
|
|
| LEADER |
00000nam0a2200000 4500 |
| 001 |
300887 |
| 005 |
20231102001339.0 |
| 035 |
|
|
|a (RuTPU)RU\TPU\book\326040
|
| 090 |
|
|
|a 300887
|
| 100 |
|
|
|a 20150720d1983 k y0rusy50 ca
|
| 101 |
0 |
|
|a rus
|
| 102 |
|
|
|a RU
|
| 105 |
|
|
|a a z 001zy
|
| 200 |
1 |
|
|a Структура и свойства соединений А2 В6
|e [сборник научных трудов]
|f Московский государственный институт стали и сплавов (МИСиС) ; под ред. А. В. Ванюкова
|
| 210 |
|
|
|a Москва
|c Металлургия
|d 1983
|
| 215 |
|
|
|a 128 с.
|c ил.
|
| 225 |
1 |
|
|a Научные труды [МИСиС]
|v № 146
|
| 320 |
|
|
|a Библиогр. в конце ст.
|
| 606 |
1 |
|
|a Полупроводниковые соединения
|x Примеси
|x Определение
|2 stltpush
|3 (RuTPU)RU\TPU\subj\50730
|9 69380
|
| 610 |
1 |
|
|a глубокая очистка
|
| 610 |
1 |
|
|a примеси
|
| 610 |
1 |
|
|a физико-химический анализ
|
| 610 |
1 |
|
|a монокристаллы
|
| 610 |
1 |
|
|a получение
|
| 610 |
1 |
|
|a пленки
|
| 610 |
1 |
|
|a фазовое равновесие
|
| 610 |
1 |
|
|a монокристаллы
|
| 610 |
1 |
|
|a дефекты
|
| 610 |
1 |
|
|a термообработка
|
| 675 |
|
|
|a 621.315.592:54
|v 4
|
| 702 |
|
1 |
|a Ванюков
|b А. В.
|4 340
|
| 712 |
0 |
2 |
|a Московский государственный институт стали и сплавов (МИСиС)
|c (1962-2008)
|2 stltpush
|3 (RuTPU)RU\TPU\col\180
|
| 801 |
|
1 |
|a RU
|b 63413507
|c 20150720
|
| 801 |
|
2 |
|a RU
|b 63413507
|c 20160804
|g RCR
|
| 942 |
|
|
|c BK
|